LEADER 01179cam0 22003013 450 001 SOB000000995 005 20220708142323.0 010 $a88-14-05075-9 100 $a20010129d1996 |||||ita|0103 ba 101 $apol 102 $aIT 200 1 $aNuovi modelli di diritto sindacale nell'Europa centrale$eRepubbliche Ceca e Slovacca, Ungheria, Polonia$fUmberto Carabelli and Silvana Sciarra 210 $aMilano$cGiuffrè$d1996 215 $aXIV, 495 p.$d24 cm. 300 $aTesto solo in inglese 510 1 $aNew patterns of collective labour law in Central Europe : Czech and Slovak republics, Hungary, Poland$9LAEC00029667 702 1$aCARABELLI, Umberto$3AF00019676$4070 702 1$aSciarra, Silvana$3AF00015782$4070 702 1$aSciarra, Silvana$3AF00015782$4070 801 0$aIT$bUNISOB$c20220708$gRICA 850 $aUNISOB 852 $aUNISOB$j340$m94817 912 $aSOB000000995 940 $aM 102 Monografia moderna SBN 941 $aM 957 $a340$b001672$gSI$d94817$rACQUISTO$p72.000$1rovito$2UNISOB$3UNISOB$420220708142146.0$520220708142200.0$6rovito 996 $aNuovi modelli di diritto sindacale nell'Europa centrale$9687805 997 $aUNISOB LEADER 00951nam2 22002653i 450 001 RAV0091567 005 20231121125631.0 100 $a20150316d1968 ||||0itac50 ba 101 | $aita 102 $ait 181 1$6z01$ai $bxxxe 182 1$6z01$an 200 0 $aVol. 1$fFriedrich Heer 210 $aMilano$cIl saggiatore$d1968 215 $a622 p.$d21 cm 461 1$1001RAV0091566$12001 $aEuropa, madre delle rivoluzioni$fFriedrich Heer$gtraduzione di Simona Vigezzi$v1 801 3$aIT$bIT-01$c20150316 850 $aIT-RM0542 $aIT-FR0017 899 $aBIBLIOTECA DEL MINISTERO DEGLI AFFARI ESTERI$bRM0542 $eN 899 $aBiblioteca umanistica Giorgio Aprea$bFR0017 $eN 912 $aRAV0091567 950 2$aBiblioteca umanistica Giorgio Aprea$d 52DCB Hee.Eur.1$e 52SBA0000247775 VMB RS $fA $h20181030$i20181030 977 $a 09$a 52 996 $a1$961339 997 $aUNICAS